[Event "Belgrade Spring op"]
[Site "Belgrade"]
[Date "2003.03.26"]
[Round "2"]
[White "Zdravkovic, Dragan N"]
[Black "Andjelkovic, Predrag"]
[Result "0-1"]
[WhiteElo "2258"]
[BlackElo "2004"]
[PlyCount "126"]
[EventDate "2003.03.25"]
[EventType "swiss"]
[EventRounds "9"]
[EventCountry "YUG"]
[SourceTitle "CBM 093 Extra"]
[Source "ChessBase"]
[SourceDate "2003.05.09"]
[SourceVersion "1"]
[SourceVersionDate "2003.05.09"]
[SourceQuality "1"]

1. e4 c6 2. d4 d5 3. exd5 cxd5 4. Nf3 Nc6 5. Be2 Bf5 6. 0-0 e6 7. Bf4 Bd6 8. Ne5 Nge7 9. Qd2 Qc7 10. Bb5 0-0 11. Nxc6 Bxf4 12. Nxe7+ Kh8 13. Qe2 Qxe7 14. Bd3 Bxd3 15. Qxd3 Rac8 16. c3 a6 17. Na3 Rc6 18. Nc2 Bd6 19. Rae1 Qc7 20. g3 h5 21. h4 g6 22. f4 Kg7 23. Re3 Rc8 24. Ne1 Qa5 25. a3 Bxa3 26. bxa3 Rxc3 27. Qe2 Qxa3 28. Rff3 b5 29. Rxc3 Rxc3 30. Kf2 b4 31. Rxc3 Qxc3 32. Qe3 Qxe3+ 33. Kxe3 Kf6 34. Nd3 b3 35. Kf3 Kf5 36. Nb2 a5 37. Na4 f6 38. Nb2 e5 39. fxe5 fxe5 40. dxe5 Kxe5 41. Ke2 Ke4 42. Na4 Kd4 43. Kd2 Kc4 44. Nb6+ Kc5 45. Na4+ Kb4 46. Nb6 d4 47. Kc1 a4 48. Nd5+ Ka3 49. Kb1 b2 50. Nf4 Kb3 51. Nd3 a3 52. Nc5+ Kc4 53. Ne4 Kd3 54. Nc5+ Kd2 55. Nb3+ Ke3 56. Na5 Ke2 57. Nb3 d3 58. Nd4+ Ke1 59. Nf3+ Ke2 60. Nd4+ Ke3 61. Nb5 d2 62. Nc3 Kf2 63. Kc2 Ke1 0-1